2MHR Bazeilles - Statistiques

Statistiques générales
  • Ce quiz a été pris 9 fois
  • Le résultat moyen est 40 sur 55
Statistiques - réponses
Hint Réponse % Correct
A une soeur jumelle Anaïs Mignon
86%
Possède des costumes de toutes les couleurs de l'arc-en-ciel Armos Louisius
86%
A arrêté la clope depuis 162 heures Arthur Avez
86%
Ressenti -7°C Arthur Dran
86%
A pris un énorme râteau après une lettre d'amour Axel Bouka-Moutou
86%
Meilleure amie de Maubeuge Coralie Herbin
86%
Chef du cartel secondes / rappeur Dimitri Fieve
86%
Coloc de Nolween Eliot Bouthineaud
86%
Est marié à des rillettes et est en BTS de semaine depuis 2014 Jules Lesieur
86%
Vit encore avec son ex Juliette Leroy
86%
Jamais présente en TP Lola Jacquot
86%
C'est des vrais cheveux ? Lucine James
86%
A planté une Fiat 500 dans un champ Marceau Lesage
86%
A vomi les pâtes au lard devant chez Marcel à 22h Océane Duborper
86%
En alternance au Gaulois Ophélie Carabin
86%
Vit encore avec son ex Ricardo Bahnweg
86%
Ne connait pas le lundi Adrien Mothé
71%
Cuisinier de 2 mètres Aurélien Bruneaux
71%
Fait de bons tours de magie, cousine d'Elyoth Auxane Jalaguier
71%
A mis une olive à Mme Champenois Baptiste Quinart
71%
Connait toute la Marlière Chloé Piquet
71%
Est en vacances 6 jours sur 7 Clara Buisson
71%
Bourrée, a mis une claque à Marceau Clémence Heu
71%
A perdu le permis pour un Macdo Clément Varoquier
71%
Tout le monde a pissé dans son aquarium Clothilde Challant
71%
A une piqûre de moustique qui ne dégonfle pas, a parlé à une biche Eloi Barbier
71%
Son ordi = fusée Arianne Elyoth Chevalarias
71%
Préfère les femmes Eva Goergen
71%
Barman de 2 mètres Félix Douvry
71%
Beauf, sa voiture est légendaire, préfère les mineures Florian Plu
71%
Todo bem Gustavo Da Silva Vieira
71%
A vomit du Passoa dans les cheveux de sa copine en début de relation Jean Lecomte
71%
Fait un BTS MHR pour finir maître nageuse Léonie Dumange
71%
imite le cheval avec Mme Godart Lorine Doyen
71%
Chouchou de Mme Godart Maël Hubert
71%
After chez... Malicia Mussard
71%
Marie-Zazard Marie-Odile Diouf
71%
Ouvre sa chemise jusqu'au 4ème bouton Martin Benne
71%
Possède un chat nommé Patate Nolween Rodier
71%
Est fin chaud Robin Noirot
71%
Adore Reims, Macron et les jeunes filles de 15 ans Romain Crépeaux
71%
Possède des mocassins qui respirent Romain Sagonero
71%
Est encore sur les listes depuis 2 ans Salomé Beaurir
71%
Sa voisine s'est faite tuer à coups de couteau Samir Arkoubi
71%
Patate douce - pot de miel - tigre de Givet Simon Chauderlot
71%
A redoublé à cause d'une photo d'Adolf Thibault Schmitt
71%
Champion insoupçonné de ping pong Ugo Staffe
71%
Sosie de Chrisitan Bale et Bardella / plagiste Yoann Lemée
71%
A perdu 5L de Belvédère Elisio Coussoou
57%
Tient un bar à 19 ans, fils légitime de Marcel Germain Baron
57%
Son camping a cramé Julie Majko
57%
Travaille place Nassau Margot Bertier
57%
Se tape régulièrement une touriste Seydou Traoré
57%
A mis un énorme râteau après une lettre d'amour Sirhyelle Alexis
43%
Est ophtalmo tous les jeudis soir Teo Debes
43%
Aucun quiz correspondant
Distribution des résultats
% des personnes avec chaque résultat
Percentile par nombre de réponses
Votre historique - résultats
Vous n’avez pas pris ce quiz